Organizace, identifikace a posudzování rizik

Gespeichert in:
Bibliographische Detailangaben
Hauptverfasser: Jakeš, Václav (Verfasst von), Rusnoková, Uršula (Verfasst von)
Format: Buch
Sprache:Tschechisch
Veröffentlicht: Rožnov pod Radhoštěm : RoVS
Ausgabe:1. vyd
Schlagworte:
BOZ
Tags: Tag hinzufügen
Keine Tags, Fügen Sie das erste Tag hinzu!

MARC

LEADER 00000nam a22000003a 4500
001 stu61379
005 20150617225651.0
008 011009s--------xr------------------cze-d
040 |a STU  |b slo 
041 0 |a cze 
044 |a xr 
080 |a 331.45 
100 1 |a Jakeš, Václav  |4 aut 
245 1 |a Organizace, identifikace a posudzování rizik 
250 |a 1. vyd 
260 |a Rožnov pod Radhoštěm :  |b RoVS 
300 |a 59 s 
650 7 |a BOZ  |2 stusub 
700 1 |a Rusnoková, Uršula  |4 aut 
996 |b 284M033333  |c M*10758-1  |l MMKN  |s A  |a 24  |w stu61379_0001